Invariants of quadratic differential forms
Αποθηκεύτηκε σε:
| Κύριος συγγραφέας: | |
|---|---|
| Μορφή: | Βιβλίο |
| Γλώσσα: | English |
| Δημοσίευση: |
Mineola, New York :
Dover Publications, Inc.,
2013.
|
| Θέματα: | |
| Ετικέτες: |
Προσθήκη ετικέτας
Δεν υπάρχουν, Καταχωρήστε ετικέτα πρώτοι!
|
MARC
| LEADER | 00000nam a2200000 a 4500 | ||
|---|---|---|---|
| 001 | 1/112403 | ||
| 008 | 161129r20131908nyu| ||| |||| ||eng|| | ||
| 020 | |a 9780486497686 | ||
| 020 | |a 0486497682 | ||
| 040 | |a GR-MyUa |b gre |c GR-MyUa |e AACR2 | ||
| 041 | 0 | |a eng | |
| 082 | 7 | |a 515.37 |2 (23) | |
| 100 | 1 | |a Wright, Joseph Edmund. | |
| 245 | 1 | 0 | |a Invariants of quadratic differential forms / |c Joseph Edmund Wright. |
| 260 | |a Mineola, New York : |b Dover Publications, Inc., |c 2013. | ||
| 300 | |a iii, 90 σ. ; |c 22 εκ. | ||
| 500 | |a "An unabridged republication of the work originally published by Hafner Publishing Co., New York, in 1960. The 1960 edition was itself a republication of the work originally published as Volume 9 in the series, 'Cambridge Tracts in Mathematics and Mathematical Physics' by Cambridge University Press, in 1908." | ||
| 500 | |a "This classic monograph by a mathematician affiliated with Trinity College, Cambridge, offers a brief account of the invariant theory connected with a single quadratic differential form. A historical overview is followed by considerations of the methods of Christoffel and Lie as well as Maschke's symbolic method and explorations of geometrical and dynamical methods. 1960 edition"-- Provided by publisher. | ||
| 650 | 0 | |a Differential forms | |
| 852 | |a INST |b SAMOS |e 20161129 |h 515.37 WRI |p 005300043992 |q 005300043992 |t BK |y 0 | ||
| 922 | |a 3ΕΛΗ |b 201610 |c Τμήμα Μαθηματικών/Μεταπτυχιακό |d Bookpath | ||
| 970 | |a Κοσιέρης |b Χρήστος |z 29-11-2016 | ||